Library Banner

Sazish (Urdu) (Record no. 68950)

MARC details
000 -LEADER
fixed length control field 00424nam a2200181Ia 4500
001 - CONTROL NUMBER
control field 65641
008 - FIXED-LENGTH DATA ELEMENTS--GENERAL INFORMATION
fixed length control field 150403s9999 xx 000 0 und d
020 ## - INTERNATIONAL STANDARD BOOK NUMBER
International Standard Book Number
040 ## - CATALOGING SOURCE
Transcribing agency PK-LaUMT
082 ## - DEWEY DECIMAL CLASSIFICATION NUMBER
Classification number 891.4393
Item number TAR-S
100 ## - MAIN ENTRY--PERSONAL NAME
Personal name Tariq Ismail Sagar
245 ## - TITLE STATEMENT
Title Sazish (Urdu)
Statement of responsibility, etc Tariq Ismail Sagar
250 ## - EDITION STATEMENT
Edition statement 4th
260 ## - PUBLICATION, DISTRIBUTION, ETC. (IMPRINT)
Place of publication, distribution, etc Lahore,Pakistan:
Name of publisher, distributor, etc Maqbool Academy,
Date of publication, distribution, etc 1998
300 ## - PHYSICAL DESCRIPTION
Extent 407 p.
546 ## - LANGUAGE NOTE
Language note UR
942 ## - ADDED ENTRY ELEMENTS (KOHA)
Koha item type Books
Holdings
Withdrawn status Lost status Damaged status Not for loan Home library Current library Date acquired Total Checkouts Total Renewals Full call number Barcode Date last seen Date checked out Price effective from Koha item type
        UMT Main Campus UMT Main Campus 2015-04-03 23 1 891.4393 TAR-S 88988 2024-04-29 2024-04-16 2015-04-03 Books